LEADER 04300 am 22005533u 450 001 9910137043603321 005 20200520144314.0 010 $a1-76046-008-7 035 $a(CKB)3710000000731139 035 $a(EBL)4562270 035 $a(SSID)ssj0001674882 035 $a(PQKBManifestationID)16478000 035 $a(PQKBTitleCode)TC0001674882 035 $a(PQKBWorkID)15017296 035 $a(PQKB)10814619 035 $a(MiAaPQ)EBC4562270 035 $a(OCoLC)948621126 035 $a(Au-PeEL)EBL4562270 035 $a(CaPaEBR)ebr11230046 035 $a(EXLCZ)993710000000731139 100 $a20160717h20162016 uy 0 101 0 $aeng 135 $aurcn#nnn||||| 181 $ctxt$2rdacontent 182 $cc$2rdamedia 183 $acr$2rdacarrier 200 00$aNew mana $etransformations of a classic concept in Pacific languages and cultures /$fedited by Matt Tomlinson and Ty P. Kawika Tengan 210 1$aActon ACT, Australia :$cAustralian National University Press,$d2016. 210 4$d©2016 215 $a1 online resource (xv, 373 pages) $cillustrations (some colour), maps 225 1 $aMonographs in Anthropology Series 311 $a1-76046-007-9 320 $aIncludes bibliographical references. 327 $aIntroduction : mana anew / Matt Tomlinson and Ty P. Ka?wika Tengan -- 1. Mana Hawai?i : an examination of political uses of the word mana in Hawaiian / Noenoe K. Silva -- 2. Tha mana of Ku? : indigenous nationhood, masculinity and authority in Hawai?i / Ty P. Ka?wika Tengan -- 3. Bodies permeable and divine : Tapu, Mana and the embodiment of hegemony in pre-Christian Tonga / Andy Mills -- 4. Niu mana, sport, media and the Australian diaspora / Katerina Martina Teaiwa -- 5. Mana, power and "pawa" in the Pacific and beyond / Alan Rumsey -- 6. Mana on the move : why empirical anchorage trumps philosophical drift / Thorgeir Kolshus -- 7. "Press the button, Mama!" : mana and Christianity on Makira, Solomon Islands / Aram Oroi -- 8. The state of mana, the mana of the state / Alexander Mawyer -- 9. Theologies of mana and sau in Fiji / Matt Tomlinson and Sekove Bigitibau -- 10. Claiming pule, manifesting mana : ordinary ethics and Pentecostal self-making in Samoa / Jessica Hardin -- 11. Mana for a new age / Rachel Morgain -- 12. How mana left the Pacific and became a video game mechanic / Alex Golub and Jon Peterson -- Afterword : shape-shifting mana : travels in space and time / Niko Besnier and Margaret Jolly. 330 3 $a?Mana?, a term denoting spiritual power, is found in many Pacific Islands languages. In recent decades, the term has been taken up in New Age movements and online fantasy gaming. In this book, 16 contributors examine mana through ethnographic, linguistic, and historical lenses to understand its transformations in past and present. The authors consider a range of contexts including Indigenous sovereignty movements, Christian missions and Bible translations, the commodification of cultural heritage, and the dynamics of diaspora. Their investigations move across diverse island groups - Papua New Guinea, Solomon Islands, Vanuatu, Fiji, Tonga, Samoa, Hawai?i, and French Polynesia - and into Australia, North America and even cyberspace. A key insight that the volume develops is that mana can be analysed most productively by paying close attention to its ethical and aesthetic dimensions. Since the late nineteenth century, mana has been an object of intense scholarly interest. Writers in many fields including anthropology, linguistics, history, religion, philosophy, and missiology have long debated how the term should best be understood. The authors in this volume review mana?s complex intellectual history but also describe the remarkable transformations going on in the present day as scholars, activists, church leaders, artists, and entrepreneurs take up mana in new ways. 410 0$aMonographs in anthropology series. 606 $aMana$zPacific Area 608 $aElectronic books. 615 0$aMana 676 $a301.21 702 $aTomlinson$b Matt 702 $aTengan$b Ty P. Kawika 801 0$bMiAaPQ 801 1$bMiAaPQ 801 2$bMiAaPQ 906 $aBOOK 912 $a9910137043603321 996 $aNew mana$92052496 997 $aUNINA LEADER 02703nam 22004931n 450 001 9910404252003321 005 20240220044604.0 035 $a(CKB)5310000000013734 035 $a(oapen)https://directory.doabooks.org/handle/20.500.12854/58324 035 $a(ES-EDUnebook)9788447536719 035 $a(oapen)doab58324 035 $a(EXLCZ)995310000000013734 100 $a20230330d2023 uy 0 101 0 $aspa 135 $aurmn|---annan 181 $ctxt$2rdacontent 182 $cc$2rdamedia 183 $acr$2rdacarrier 200 10$aResistencia y territorialidad $eculturas i?ndigenas y afroamericanas 210 $cPublicacions i Edicions de la Universitat de Barcelona$d2012 210 1$cUniversitat De Barcelona 210 4$dcopyright 2014 215 $a1 electronic resource (390 p.) 225 1 $aCol·leccio? Estudis d'Antropologia Social i Cultural 311 08$a84-475-3671-8 330 $aLo aute?ntico, como lo auto?ctono, aparece vinculado a la localidad, pero la globalizacio?n la ha vaciado de gran parte de su poblacio?n auto?ctona, ha vuelto obsoletas sus formas productivas y ha modificado su estilo de vida. La repuesta de las poblaciones locales consiste a menudo en la creacio?n o recreacio?n de formas "tradicionales, "aute?nticas" en a?mbitos tales como el patrimonio, los museos, las fiestas, la arquitectura, la gastronomi?a, y la identidad. Este proceso no ha de ser considerado como una reaccio?n tradicionalista ni nosta?lgica, sino ma?s bien como el reflejo del fuerte compromiso de las localidades con las fuerzas de la globalizacio?n. Este libro es consecuencia de los resultados de una investigacio?n etnogra?fica sobre la interaccio?n entre procesos globales y locales en diversas a?reas de montan?a de Catalun?a y en una del Pai?s Vasco, en las que? se producen procesos de terciarizacio?n de la economi?a, de patrimonializacio?n de la naturaleza y de la cultura, debidas al influjo del mercado, de las poli?ticas de la Unio?n Europea, del estado, y de las demandas de los habitantes de las ciudades. 517 $aResistencia y territorialidad 517 $aGlobalizacio?n y localidad 517 $aGlobalizacio?n y localidad 606 $aAnthropology$2bicssc 610 $aTerritori nacional 610 $aAmèrica Llatina 610 $aIdentitat col·lectiva 610 $aNegres 610 $aCongressos 610 $aMoviments socials 610 $aAntropologia cultural 615 7$aAnthropology 700 $aJavier Lavin?a$01276500 702 $aGemma Orobitg 906 $aBOOK 912 $a9910404252003321 996 $aResistencia y territorialidad$93007915 997 $aUNINA